Merseyside Derby XIs 2022-2027 - Statistics

General Stats
  • This quiz has been taken 212 times
  • The average score is 26 of 44
Answer Stats
Position Answer Fixture % Correct
GK Alisson Becker Everton 0-0 LIVERPOOL (2022/23)
96%
GK Alisson Becker LIVERPOOL 2-0 Everton (2022/23)
96%
FW Mohamed Salah Everton 0-0 LIVERPOOL (2022/23)
96%
FW Mohamed Salah LIVERPOOL 2-0 Everton (2022/23)
96%
GK Jordan Pickford EVERTON 0-0 Liverpool (2022/23)
95%
GK Jordan Pickford Liverpool 2-0 EVERTON (2022/23)
95%
DF Virgil van Dijk Everton 0-0 LIVERPOOL (2022/23)
91%
DF Andrew Robertson LIVERPOOL 2-0 Everton (2022/23)
89%
DF Trent Alexander-Arnold Everton 0-0 LIVERPOOL (2022/23)
89%
DF Trent Alexander-Arnold LIVERPOOL 2-0 Everton (2022/23)
89%
FW Darwin Núñez Everton 0-0 LIVERPOOL (2022/23)
82%
FW Darwin Núñez LIVERPOOL 2-0 Everton (2022/23)
82%
DF Joël Matip LIVERPOOL 2-0 Everton (2022/23)
81%
MF Jordan Henderson LIVERPOOL 2-0 Everton (2022/23)
81%
DF Joe Gomez Everton 0-0 LIVERPOOL (2022/23)
79%
DF Joe Gomez LIVERPOOL 2-0 Everton (2022/23)
79%
FW Luis Díaz Everton 0-0 LIVERPOOL (2022/23)
78%
MF Fabinho Everton 0-0 LIVERPOOL (2022/23)
73%
MF Fabinho LIVERPOOL 2-0 Everton (2022/23)
73%
DF Konstantinos Tsimikas Everton 0-0 LIVERPOOL (2022/23)
68%
FW Cody Gakpo LIVERPOOL 2-0 Everton (2022/23)
67%
DF James Tarkowski EVERTON 0-0 Liverpool (2022/23)
63%
DF James Tarkowski Liverpool 2-0 EVERTON (2022/23)
63%
DF Séamus Coleman Liverpool 2-0 EVERTON (2022/23)
58%
MF Harvey Elliott Everton 0-0 LIVERPOOL (2022/23)
56%
DF Vitalii Mykolenko EVERTON 0-0 Liverpool (2022/23)
48%
DF Vitalii Mykolenko Liverpool 2-0 EVERTON (2022/23)
48%
MF Abdoulaye Doucouré Liverpool 2-0 EVERTON (2022/23)
46%
MF Dwight McNeil Liverpool 2-0 EVERTON (2022/23)
42%
MF Idrissa Gueye Liverpool 2-0 EVERTON (2022/23)
40%
MF Amadou Onana EVERTON 0-0 Liverpool (2022/23)
39%
MF Amadou Onana Liverpool 2-0 EVERTON (2022/23)
39%
FW Anthony Gordon EVERTON 0-0 Liverpool (2022/23)
32%
FW Demarai Gray EVERTON 0-0 Liverpool (2022/23)
28%
DF Nathan Patterson EVERTON 0-0 Liverpool (2022/23)
28%
DF Conor Coady EVERTON 0-0 Liverpool (2022/23)
26%
DF Conor Coady Liverpool 2-0 EVERTON (2022/23)
26%
MF Tom Davies EVERTON 0-0 Liverpool (2022/23)
26%
FW Neal Maupay EVERTON 0-0 Liverpool (2022/23)
25%
MF Alex Iwobi EVERTON 0-0 Liverpool (2022/23)
23%
MF Alex Iwobi Liverpool 2-0 EVERTON (2022/23)
23%
MF Stefan Bajčetić LIVERPOOL 2-0 Everton (2022/23)
21%
MF Fábio Carvalho Everton 0-0 LIVERPOOL (2022/23)
16%
FW Ellis Simms Liverpool 2-0 EVERTON (2022/23)
13%
No matching quizzes found
Score Distribution
Percent of People with Each Score
Percentile by Number Answered
Your Score History
You have not taken this quiz